World pass : Expanding English fluency : Upper-Intermediate (Student book)
To help students expand their fluency, World Pass focuses on dynamic vocabulary building, essential grammar, and stimulating listening, speaking, reading, and writing activities that emphasize the language they need for real world communication.
Đã lưu trong:
| Príomhúdar: | |
|---|---|
| Formáid: | Leabhar |
| Teanga: | Undetermined |
| Foilsithe: |
Boston, MA.
Thomson/Heinle
2006
|
| Ábhair: | |
| Clibeanna: |
Cuir Clib Leis
Gan Chlibeanna, Bí ar an gcéad duine leis an taifead seo a chlibeáil!
|
| Thư viện lưu trữ: | Trung tâm Học liệu Trường Đại học Cần Thơ |
|---|
| LEADER | 00991nam a2200229Ia 4500 | ||
|---|---|---|---|
| 001 | CTU_124159 | ||
| 008 | 210402s9999 xx 000 0 und d | ||
| 020 | |c 155000 | ||
| 082 | |a 428.24 | ||
| 082 | |b W927 | ||
| 100 | |a Stempleski, Susan | ||
| 245 | 0 | |a World pass : | |
| 245 | 0 | |b Expanding English fluency : Upper-Intermediate (Student book) | |
| 245 | 0 | |c Susan Stempleski ... [et al.] | |
| 260 | |a Boston, MA. | ||
| 260 | |b Thomson/Heinle | ||
| 260 | |c 2006 | ||
| 520 | |a To help students expand their fluency, World Pass focuses on dynamic vocabulary building, essential grammar, and stimulating listening, speaking, reading, and writing activities that emphasize the language they need for real world communication. | ||
| 650 | |a English language,English language,English language,Vocabulary | ||
| 650 | |x Rhetoric,Problems, exercises, etc.,Grammar,Problems, exercises, etc.,Problems, exercises, etc. | ||
| 904 | |i Minh | ||
| 980 | |a Trung tâm Học liệu Trường Đại học Cần Thơ | ||